000 00818nas a2200265 a 4500
003 AM-YeHGA
040 _aAM-YeHGA
650 0 4 _aԱմսագիր
942 _2udc
_cCR
090 _c352529
001 001084426
005 20250618074415.0
008 150605c 9999|||mrzp 0 0arm d
041 0 _aarm
222 0 _aՅուսաբեր
245 0 0 _aՅուսաբեր :
_bԳրական, գեղարուեստական եւ գիտական բաժին.
246 3 1 _aHoussaper
260 _aԿահիրե.
300 _aհամար.
310 _aԱմսեկան
362 0 _a1944-
650 1 4 _aԳրականություն
_vՊարբերականներ
_98507
650 1 4 _aԳիտություն
_vՊարբերականներ
650 1 4 _aՍփյուռքահայ գաղթօջախներ
_vՊարբերականներ
999 _c350717
_d350717